00265nam a2200109Ia 4500100004300000654001200043245003200055260003800087082001000125300000800135546001200143 aHeine/ Loper/Rosenthal/ Rosenthal/P.C  aCasting aPrinciples of Metal Casting bTata Mc Graw hillaNewDelhic1976 a671.2 a736 aENGLISH